000 00778aam a2200289 4500
005 20251022144055.0
008 251022s2025 u 1 cat d
041 _acat
110 _aAsociación Española de Normalización y Certificación. Aenor
_968458
245 _aGestió ambiental: Vocabulari
_cAsociación Española de Normalización
250 _aVersió corr.
260 _aMadrid
_bUNE
_c2025
300 _a72 p.
_c30 cm
500 _aÍndex
500 _btermcat
504 _aBibliografia
520 _a354
546 _acatalà
591 _aISO 14050:2023(CA)
592 _aObra terminològica
593 _aDNG
594 _a11086
650 _agestió ambiental
_967242
942 _cMO
_n0
_2ddc
999 _c69376
_d69376